000 00221nam a2200109Ia 4500
100 _aDept of Humanities
942 _cBK
245 _aApplied chemistry 1( 2012-2013)
260 _b#N/A
546 _aENGLISH
999 _c34530
_d34530